[Event "Rio de Janeiro-ch Carioca"]
[Site "Rio de Janeiro"]
[Date "1986.05.17"]
[Round "1"]
[White "Araujo, Claudio Torres"]
[Black "Dos Santos, Sergio Amador"]
[Result "0-1"]
[WhiteElo "1763"]
[BlackElo "1947"]
[PlyCount "48"]
[EventDate "1986.05.17"]
[EventType "swiss"]
[EventRounds "9"]
[EventCountry "BRA"]
[SourceTitle "EXT 2007"]
[Source "ChessBase"]
[SourceDate "2006.11.23"]
[SourceVersion "1"]
[SourceVersionDate "2006.11.23"]
[SourceQuality "1"]

1. d4 d5 2. c4 e6 3. Nc3 Bb4 4. Nf3 Nf6 5. e3 0-0 6. Bd3 dxc4 7. Bxc4 c5 8. 0-0 Nc6 9. a3 Bxc3 10. bxc3 Qa5 11. Bb2 b5 12. Bd3 c4 13. Bc2 Qb6 14. e4 Ne7 15. a4 Bb7 16. Ba3 Rfe8 17. e5 Nfd5 18. Bxh7+ Kh8 19. Ng5 g6 20. Qf3 Nf5 21. Qh3 Kg7 22. Bg8 Nh6 23. Bxf7 Nf4 24. Qg3 Ne2+ 0-1